All Countries to Take Part in an IRB Rugby World Cup - Statistics

General Stats
  • This quiz has been taken 10,155 times
  • The average score is 21 of 25
Answer Stats
Answer % Correct
New Zealand
98%
Australia
97%
England
97%
France
97%
Ireland
97%
Scotland
96%
Wales
96%
South Africa
95%
Italy
94%
Argentina
93%
Fiji
93%
United States
92%
Canada
91%
Samoa
91%
Japan
89%
Tonga
89%
Russia
81%
Spain
79%
Georgia
75%
Namibia
75%
Portugal
70%
Romania
70%
Uruguay
68%
Zimbabwe
63%
Ivory Coast
31%
No matching quizzes found
Score Distribution
Percent of People with Each Score
Percentile by Number Answered
Your Score History
You have not taken this quiz